Encyclopedia of the Third World (Record no. 29567)

MARC details
000 -LEADER
fixed length control field 00416nam a2200169Ia 4500
020 ## - INTERNATIONAL STANDARD BOOK NUMBER
ISBN 0-8160-2264
050 ## - CALL MARK
Classification number HC 59.7 .K87/
245 #0 - TITLE STATEMENT
Title Encyclopedia of the Third World
260 ## - PUBLICATION, DISTRIBUTION, ETC. (IMPRINT)
Place of publication 0816022631
260 ## - PUBLICATION, DISTRIBUTION, ETC. (IMPRINT)
Name of publisher Facts on File
260 ## - PUBLICATION, DISTRIBUTION, ETC. (IMPRINT)
Year of publication 1992
300 ## - PHYSICAL DESCRIPTION
Number of Pages 2363 p
650 ## - SUBJECT ADDED ENTRY--TOPICAL TERM
Topical Term Developing countries--Encyclopedias.
942 ## - ADDED ENTRY ELEMENTS (KOHA)
Koha item type Books
Holdings
Withdrawn status Lost status Source of classification or shelving scheme Damaged status Not for loan Permanent Location Current Location Date acquired Accession Number Price effective from Koha item type
    Library of Congress Classification     NILE UNIVERSITY OF NIGERIA - MAIN LIBRARY NILE UNIVERSITY OF NIGERIA - MAIN LIBRARY 04/23/2025 0000833 04/23/2025 Books